<?xml version="1.0" encoding="UTF-8"?><?xml-stylesheet type="text/xsl" href="static/style.xsl"?><OAI-PMH xmlns="http://www.openarchives.org/OAI/2.0/" xmlns:xsi="http://www.w3.org/2001/XMLSchema-instance" xsi:schemaLocation="http://www.openarchives.org/OAI/2.0/ http://www.openarchives.org/OAI/2.0/OAI-PMH.xsd"><responseDate>2026-04-17T19:11:29Z</responseDate><request verb="GetRecord" identifier="oai:www.recercat.cat:20.500.12327/2321" metadataPrefix="marc">https://recercat.cat/oai/request</request><GetRecord><record><header><identifier>oai:recercat.cat:20.500.12327/2321</identifier><datestamp>2025-10-22T11:28:04Z</datestamp><setSpec>com_2072_4428</setSpec><setSpec>com_2072_4427</setSpec><setSpec>col_2072_487898</setSpec></header><metadata><record xmlns="http://www.loc.gov/MARC21/slim" xmlns:dcterms="http://purl.org/dc/terms/" xmlns:xsi="http://www.w3.org/2001/XMLSchema-instance" xmlns:doc="http://www.lyncode.com/xoai" xsi:schemaLocation="http://www.loc.gov/MARC21/slim http://www.loc.gov/standards/marcxml/schema/MARC21slim.xsd">
   <leader>00925njm 22002777a 4500</leader>
   <datafield ind2=" " ind1=" " tag="042">
      <subfield code="a">dc</subfield>
   </datafield>
   <datafield ind2=" " ind1=" " tag="720">
      <subfield code="a">Narváez, L.</subfield>
      <subfield code="e">author</subfield>
   </datafield>
   <datafield ind2=" " ind1=" " tag="720">
      <subfield code="a">Cáceres, R.</subfield>
      <subfield code="e">author</subfield>
   </datafield>
   <datafield ind2=" " ind1=" " tag="720">
      <subfield code="a">Marfà, O.</subfield>
      <subfield code="e">author</subfield>
   </datafield>
   <datafield ind2=" " ind1=" " tag="260">
      <subfield code="c">2013-07-15</subfield>
   </datafield>
   <datafield ind2=" " ind1=" " tag="520">
      <subfield code="a">Fertilization management and meteorological conditions can affect leachate composition and the balance of nitrogen&#xd;
(N) added during the cultivation of ornamentals. The main objectives of this study were to estimate the N balance&#xd;
components and to establish relationships between the N concentration in leachates and meteorological variables when&#xd;
different fertilization strategies are used in an outdoor potted crop of Osteospermum ecklonis (DC.) Norl. ‘Purple&#xd;
Red’. Two fertilizations strategies, i.e. continuous fertigation (NS) and incorporated controlled-release fertilizer (CRF),&#xd;
were applied to the crop. The treatments were two NS doses (NO3 –-N concentration in each NS, NS-A: 154 mg L–1 and&#xd;
NS-B: 112 mg L–1) and two CRF doses (CRF-C: 5.0 g L–1 of substrate and CRF-D: 2.5 g L–1 of substrate). The N loss&#xd;
by leaching was higher in the NS-A treatment than in the other ones (1.1 g pot–1, 11% of total available N). The amount&#xd;
of N accumulated by the plants was higher in the NS treatments than in the CRF treatments (average 2.5 g pot–1, 29.5%&#xd;
of total available N). However the efficiency of use of N was the greatest in the CRF-D treatment (23.9 g dry matter&#xd;
produced g–1 N supplied). About 50% of the total available N was measured in the substrate in all treatments (average&#xd;
3.8 g pot–1). The concentration of N in the leachates for the two CRF treatments did not correlate with the substrate&#xd;
temperature or precipitation. The N released from the CRF matched the nutritional requirements of the plants better&#xd;
than the N applied by continuous fertigation.</subfield>
   </datafield>
   <datafield ind1="8" ind2=" " tag="024">
      <subfield code="a">Narvaez, L., R. Caceres, and O. Marfà. 2013. “Effect of Different Fertilization Strategies on Nitrogen Balance in an Outdoor Potted Crop of Osteospermum Ecklonis (DC.) Norl. ‘Purple Red’ under Mediterranean Climate Conditions”. Spanish Journal of Agricultural Research 11 (3): 833-841. doi: 10.5424/sjar/2013113-3764.</subfield>
   </datafield>
   <datafield ind1="8" ind2=" " tag="024">
      <subfield code="a">1695-971X</subfield>
   </datafield>
   <datafield ind1="8" ind2=" " tag="024">
      <subfield code="a">http://hdl.handle.net/20.500.12327/2321</subfield>
   </datafield>
   <datafield ind1="8" ind2=" " tag="024">
      <subfield code="a">https://doi.org/10.5424/sjar/2013113-3764</subfield>
   </datafield>
   <datafield ind2="0" ind1="0" tag="245">
      <subfield code="a">Effect of different fertilization strategies on nitrogen balance in an outdoor potted crop of Osteospermum ecklonis (DC.) Norl. ‘Purple Red’ under Mediterranean climate conditions</subfield>
   </datafield>
</record></metadata></record></GetRecord></OAI-PMH>